LEADER 00947nam a2200205 i 4500 001 000000248158 003 CaOOAMICUS 005 20160302000000.0 008 160302s1887 it u000 u ita u 013 $a227063 040 $aSeMil$bita 100 1 $aCeruti, Antonio.$0(OLS)http://semarc/name/8944 245 13$aIl rito ambrosiano nella festa della SS. Annunciata in Quaresima :$bricerche storiche e considerazioni /$cdott. A. Ceruti. 260 $aMilano :$bTipografia Luigi Marchi,$c1887. 300 $a175 p. ;$c21 cm. 650 4$aQuaresima - Rito ambrosiano.$0(OLS)http://semarc/subject/5129 850 $aSeMil 852 $aSeMil$W1$xVenegono$y1$m3K II 20 FA$j198504$B198504$CSeMilBibl$Z2$F209641 $8I 996 $6245$aIl rito ambrosiano nella festa della SS. Annunciata in Quaresima :$bricerche storiche e considerazioni$9(OLS)http://semarc/title/350240 996 $6260$aMilano :$bTipografia Luigi Marchi$9(OLS)http://semarc/publisher/55224 LEADER 01508nam a2200217 i 4500 001 000000030651 003 CaOOAMICUS 005 20241125114657.0 008 180830s1713 ne u000 u lat u 040 $aSeMil$bita 100 1 $aPitiscus, Samuel.$0(OLS)http://semarc/name/13475 240 10$aLexicon antiquitatum romanarum.$0(OLS)http://semarc/title/41738 245 10$aLexicon antiquitatum romanarum: in quo ritus et antiquitates cum graecis ac romanis communes, tum romanis peculiares, sacrae et profanae, publicae et priuatae, ciuiles ac militares exponuntur. Accedit his auctorum notatorum, emendatorum & explicatorum index copiosissimus. Auctore Samuele Pitisco ... Tomus 1. [- 2.]. 260 $aLeovardiae :$bExcudit Franciscus Halma, ordinum Frisiae typographus ordinarius,$c1713. 300 $a2 v. ;$cfol. 700 1 $aHalma, François,$c.$0(OLS)http://semarc/name/11607 774 0 $tTomus 1.$g1$w()234094 774 0 $tTomus 2.$g2$w()234095 996 $6245$aLexicon antiquitatum romanarum: in quo ritus et antiquitates cum graecis ac romanis communes, tum romanis peculiares, sacrae et profanae, publicae et priuatae, ciuiles ac militares exponuntur. Accedit his auctorum notatorum, emendatorum & explicatorum index copiosissimus. Auctore Samuele Pitisco ... Tomus 1. [- 2.]$9(OLS)http://semarc/title/41737 996 $6260$aLeovardiae :$bExcudit Franciscus Halma, ordinum Frisiae typographus ordinarius$9(OLS)http://semarc/publisher/38613